El nuevo rol de la administración de recursos humanos /
Kaydedildi:
| Yazar: | |
|---|---|
| Materyal Türü: | Metin |
| Etiketler: |
Etiketle
Etiket eklenmemiş, İlk siz ekleyin!
|
MARC
| LEADER | 00000 a a2200000 04500 | ||
|---|---|---|---|
| 001 | 41181 | ||
| 003 | |||
| 040 | |||
| 100 | |a Pallavicini, Violeta | ||
| 245 | |a El nuevo rol de la administración de recursos humanos / |c Violeta Pallavicini | ||
| 773 | |g volumen28, número2 ( , 1998), páginas 456-165 | ||
| 999 | |c 28471 |d 28471 | ||
